=LDR 00000nam 2200000 4500 =001 INLIS000000000041230 =005 20130612150757 =008 ***********************************Ind** =035 ##$$0010-061300000041230 =041 ##$$a Ind =082 ##$$a 808.301 =090 ##$$a 808.301, Chr k =100 ##$$a Chrisma W, Vonny =245 ##$$a Kisah keluarga tikus (kisah-kisah inspirasional pengubah hidup, Vonny Chrisma W =260 ##$$a 2010 $b Jogyakarta =300 ##$$a 273 hlm, 21 cm =650 ##$$a Cerita pendek kumpulan =850 ##$$a NBPNMAT